[Event "XIX Festival A"]
[Site "Arco ITA"]
[Date "2007.10.21"]
[Round "2"]
[White "Lazic, Miroljub"]
[Black "Vistisen, Lars"]
[Result "1-0"]
[WhiteElo "2492"]
[BlackElo "2153"]
[PlyCount "109"]
[EventDate "2007.10.20"]

1. c4 e5 2. Nc3 Nf6 3. g3 c6 4. d4 d6 5. Bg2 Nbd7 6. e4 Be7 7. Nge2 Nf8 8. h3
Ng6 9. Be3 h5 10. f4 exf4 11. Nxf4 Nxf4 12. gxf4 Qb6 13. Qd2 d5 14. cxd5 cxd5
15. e5 Ne4 16. Nxd5 Bh4+ 17. Kd1 Qg6 18. Qe2 Nf2+ 19. Bxf2 Qxg2 20. Nc7+ Kf8
21. Kd2 Bxf2 22. Rhf1 Qxh3 23. Rxf2 Bg4 24. Qe3 Qxe3+ 25. Kxe3 Rd8 26. d5 h4
27. d6 Bf5 28. Nd5 h3 29. Ne7 Bd7 30. f5 Rh5 31. Rh1 Bc6 32. Nxc6 bxc6 33. Rf3
h2 34. Rf2 Rh3+ 35. Kf4 Rb8 36. a3 f6 37. exf6 gxf6 38. Rfxh2 Rxh2 39. Rxh2 Kg7
40. Re2 Rb5 41. Re7+ Kh6 42. d7 Rd5 43. Rf7 Rd4+ 44. Ke3 Rd1 45. Rxf6+ Kg5 46.
Rxc6 Rxd7 47. Rc5 Rh7 48. Kd4 Rh4+ 49. Kc3 Rf4 50. Ra5 Kf6 51. b4 a6 52. Kb3
Ke7 53. Rxa6 Rxf5 54. Rc6 Kd7 55. Rc3 1-0

[Event "XIX Festival A"]
[Site "Arco ITA"]
[Date "2007.10.21"]
[Round "2"]
[White "Linz, Stefan"]
[Black "Picone, Franco"]
[Result "0-1"]
[WhiteElo "1584"]
[BlackElo "1864"]
[PlyCount "88"]
[EventDate "2007.10.20"]

1. d4 d5 2. Bg5 h6 3. Bh4 Bf5 4. e3 Nd7 5. h3 Ngf6 6. Nd2 e6 7. Ngf3 Be7 8. Bg3
O-O 9. c3 c5 10. Be2 cxd4 11. cxd4 Qb6 12. Qb3 Rac8 13. a3 Rc2 14. Qxb6 Nxb6
15. b3 Ne4 16. Nxe4 Bxe4 17. Bd1 Rc3 18. O-O Rfc8 19. Nd2 Bd3 20. Re1 Rc1 21.
Rxc1 Rxc1 22. f4 Bxa3 23. Bf3 Rxe1+ 24. Bxe1 Bb4 25. Bd1 Nd7 26. Kf2 Nf6 27. g4
Kf8 28. h4 Ke7 29. g5 Ne8 30. Nf3 Bxe1+ 31. Kxe1 f6 32. h5 Nd6 33. gxf6+ gxf6
34. Nd2 Nb5 35. Be2 Bxe2 36. Kxe2 Nd6 37. Kf3 f5 38. Ke2 Ne4 39. Nxe4 fxe4 40.
Kf2 Kf6 41. Kg3 Kf5 42. Kh4 a5 43. Kg3 b5 44. Kh4 a4 0-1

[Event "XIX Festival A"]
[Site "Arco ITA"]
[Date "2007.10.21"]
[Round "2"]
[White "Ludovici, Roberto"]
[Black "Ben Houidi, Lassaad"]
[Result "1-0"]
[WhiteElo "1864"]
[BlackElo "1599"]
[PlyCount "71"]
[EventDate "2007.10.20"]

1. e4 e5 2. Nf3 d6 3. d4 exd4 4. Qxd4 Nc6 5. Bb5 Bd7 6. Bxc6 Bxc6 7. Nc3 Qd7 8.
O-O b6 9. a4 Nf6 10. Re1 Be7 11. Bg5 O-O 12. Rad1 Rad8 13. Qc4 a5 14. Nd4 Bb7
15. Nf5 Rfe8 16. Nxe7+ Qxe7 17. Bxf6 gxf6 18. Nd5 Bxd5 19. Rxd5 Rd7 20. Re3 Kh8
21. Qd4 Rg8 22. Rf5 Rg6 23. Ref3 Kg7 24. Rh5 Rd8 25. Rfh3 Rh8 26. f4 Qe6 27. f5
c5 28. Qd3 c4 29. Qd4 Rxg2+ 30. Kxg2 Qe5 31. Qe3 Kf8 32. c3 Rg8+ 33. Rg3 Rxg3+
34. hxg3 d5 35. Rh4 dxe4 36. Qxe4 1-0

[Event "XIX Festival A"]
[Site "Arco ITA"]
[Date "2007.10.21"]
[Round "2"]
[White "Margarius, Leonid"]
[Black "Naumkin, Igor"]
[Result "0-1"]
[WhiteElo "2232"]
[BlackElo "2486"]
[PlyCount "70"]
[EventDate "2007.10.20"]

1. d4 e6 2. Nf3 f5 3. g3 Nf6 4. Bg2 Be7 5. O-O O-O 6. b3 d6 7. Bb2 Qe8 8. e3
Qh5 9. Nbd2 Nc6 10. Ne1 Qh6 11. Nd3 Bd7 12. c4 e5 13. dxe5 dxe5 14. Bxe5 Ng4
15. Nf3 Be8 16. Bc3 Rd8 17. Qe2 Bh5 18. h3 Nf6 19. Bxf6 Bxf6 20. Rad1 g5 21.
Nc5 Be7 22. Rxd8 Rxd8 23. Nd3 Re8 24. Qc2 Bf6 25. Rd1 Kh8 26. b4 Qf8 27. b5 Nd8
28. Rd2 Bg6 29. Qb3 Nf7 30. Nb4 Bg7 31. Rd7 f4 32. Rxc7 fxe3 33. fxe3 Qd6 34.
Nd5 Qxg3 35. Qd1 35... Ne5 $138 0-1

[Event "XIX Festival A"]
[Site "Arco ITA"]
[Date "2007.10.21"]
[Round "2"]
[White "Marini, Lucio"]
[Black "Jensen, Leif"]
[Result "0-1"]
[WhiteElo "1860"]
[BlackElo "2091"]
[PlyCount "78"]
[EventDate "2007.10.20"]

1. c4 e5 2. g3 g6 3. Bg2 Bg7 4. Nc3 c6 5. d3 f5 6. e3 d6 7. Nge2 Nf6 8. Qb3 Qb6
9. O-O Be6 10. Qa3 Qc7 11. Bd2 O-O 12. Rac1 Bf7 13. b3 Nbd7 14. d4 a6 15. c5
dxc5 16. dxc5 Rfd8 17. Rfd1 Nxc5 18. Qxc5 Bf8 19. Nd5 Nxd5 20. Qc2 Nb4 21. Qb1
Rd7 22. e4 Nd3 23. Rc3 Rad8 24. Bg5 Nf4 25. Rxd7 Nxe2+ 26. Kf1 Rxd7 27. Kxe2
fxe4 28. Bxe4 Bb4 29. Rc2 Bd5 30. Qh1 Qd6 31. Bxd5+ Qxd5 32. Qxd5+ cxd5 33. Bf6
e4 34. Bd4 Kf7 35. h3 Bd6 36. Bb6 Ke6 37. g4 Be5 38. Rc8 d4 39. Rc4 Bf6 0-1

[Event "XIX Festival A"]
[Site "Arco ITA"]
[Date "2007.10.21"]
[Round "2"]
[White "Mombelli, Antonio"]
[Black "Coqueraut, Jean Dominique"]
[Result "1-0"]
[WhiteElo "1717"]
[BlackElo "2061"]
[PlyCount "55"]
[EventDate "2007.10.20"]

1. e4 d6 2. d4 g6 3. c3 Bg7 4. Nf3 Nf6 5. Bd3 O-O 6. h3 c5 7. O-O Qc7 8. Bf4 c4
9. Bc2 Rd8 10. Qe2 Nh5 11. Be3 e5 12. Na3 a6 13. Qxc4 Qa5 14. Ng5 d5 15. exd5
Qxd5 16. Qxd5 Rxd5 17. Bb3 Rd7 18. Nc4 exd4 19. cxd4 h6 20. Nf3 b5 21. Nb6 Bb7
22. Ne5 Re7 23. Nxa8 Bxa8 24. Rac1 Bb7 25. Nxg6 Rd7 26. Ne5 Bxe5 27. dxe5 Nc6
28. e6 1-0

[Event "XIX Festival A"]
[Site "Arco ITA"]
[Date "2007.10.21"]
[Round "2"]
[White "Niccoli, Paolo"]
[Black "Nicolodi, Raoul"]
[Result "1-0"]
[WhiteElo "1861"]
[BlackElo "1539"]
[PlyCount "67"]
[EventDate "2007.10.20"]

1. e4 e5 2. Nf3 Nc6 3. Bb5 a6 4. Ba4 Nf6 5. O-O Be7 6. Re1 b5 7. Bb3 d6 8. c3
O-O 9. h3 Na5 10. Bc2 c5 11. d4 Nd7 12. Nbd2 exd4 13. cxd4 Nc6 14. d5 Nce5 15.
Nxe5 Nxe5 16. f4 Ng6 17. Nf3 Bh4 18. Rf1 Bg3 19. Ng5 h6 20. Nf3 Nxf4 21. Nh2
Nxh3+ 22. gxh3 Bxh3 23. Rf3 Bxh2+ 24. Kxh2 Bg4 25. Qd3 Qh4+ 26. Kg2 Bxf3+ 27.
Qxf3 h5 28. Bf4 Qf6 29. Rh1 g6 30. Qg3 Qxb2 31. Qf2 Rad8 32. Bg5 Rd7 33. Bf6
Qxa2 34. Rxh5 1-0

[Event "XIX Festival A"]
[Site "Arco ITA"]
[Date "2007.10.21"]
[Round "2"]
[White "Panican, Gheorghe"]
[Black "Vuelban, Virgilio"]
[Result "0-1"]
[WhiteElo "2104"]
[BlackElo "2399"]
[PlyCount "114"]
[EventDate "2007.10.20"]

1. e4 c5 2. Nf3 Nc6 3. d4 cxd4 4. Nxd4 Nf6 5. Nc3 d6 6. Bc4 e6 7. Bb3 a6 8. Be3
Qc7 9. a4 Be7 10. O-O O-O 11. Kh1 Bd7 12. f4 Rac8 13. f5 Nxd4 14. Qxd4 Ng4 15.
Bd2 Bf6 16. Qd3 Ne5 17. Qe2 Nc4 18. fxe6 fxe6 19. Bxc4 Qxc4 20. Qd3 Qxd3 21.
cxd3 Bxc3 22. Bxc3 Rxf1+ 23. Rxf1 Bxa4 24. d4 Bc2 25. e5 dxe5 26. dxe5 Rc4 27.
Rf2 Be4 28. Rd2 Bc6 29. Kg1 Kf7 30. g3 Ra4 31. Kf2 b5 32. Rd4 Ra2 33. Ke3 a5
34. h4 b4 35. Rf4+ Ke8 36. Bd4 a4 37. Bc5 Rxb2 38. Bxb4 a3 39. Rf8+ Kd7 40.
Rf7+ Kc8 41. Bc3 Rb3 42. Kd4 a2 43. Ra7 Bd5 44. Kd3 Kb8 45. Ra5 h5 46. Kc2 Rb1
47. Bd4 Rb4 48. Kc3 Rb3+ 49. Kc2 Rxg3 50. Ra7 Rg4 51. Be3 Rxh4 52. Ra3 Re4 53.
Ba7+ Kb7 54. Be3 h4 55. Kb2 h3 56. Bc5 Re2+ 57. Kc3 Re3+ 0-1

[Event "XIX Festival A"]
[Site "Arco ITA"]
[Date "2007.10.21"]
[Round "2"]
[White "Papa, Angelo"]
[Black "Fragni, Enrico"]
[Result "1-0"]
[WhiteElo "1903"]
[BlackElo "1764"]
[PlyCount "47"]
[EventDate "2007.10.20"]

1. d4 c6 2. Nf3 d6 3. e4 Bg4 4. h3 Bxf3 5. Qxf3 e5 6. Bc4 Nf6 7. c3 Be7 8. O-O
O-O 9. Bg5 Nbd7 10. Nd2 a5 11. a4 Rb8 12. Qe2 Qb6 13. Nf3 Rfe8 14. Be3 Qc7 15.
dxe5 dxe5 16. Bxf7+ Kxf7 17. Ng5+ Kg8 18. Qc4+ Nd5 19. exd5 Nb6 20. Bxb6 Qxb6
21. d6+ Kh8 22. Nf7+ Kg8 23. Nh6+ Kh8 24. Qg8+ 1-0

[Event "XIX Festival A"]
[Site "Arco ITA"]
[Date "2007.10.21"]
[Round "2"]
[White "Perich, Stefano"]
[Black "Moratto, Davide"]
[Result "0-1"]
[WhiteElo "1995"]
[BlackElo "1855"]
[PlyCount "52"]
[EventDate "2007.10.20"]

1. Nf3 Nf6 2. g3 g6 3. Bg2 Bg7 4. O-O d6 5. c4 O-O 6. Nc3 c6 7. d4 Nbd7 8. e4
e5 9. d5 cxd5 10. cxd5 Nc5 11. Re1 a5 12. h3 Bd7 13. Qe2 b5 14. Nd2 b4 15. Nd1
Nh5 16. Nb3 Nxb3 17. axb3 f5 18. exf5 Rxf5 19. g4 Nf4 20. Bxf4 Rxf4 21. Ne3 Rb8
22. Qa6 Qf8 23. f3 e4 24. fxe4 Bxb2 25. Rxa5 Bc3 26. Qd3 Bxe1 0-1

[Event "XIX Festival A"]
[Site "Arco ITA"]
[Date "2007.10.21"]
[Round "2"]
[White "Prakken, Gerrit"]
[Black "Donatini, Andrea"]
[Result "1/2-1/2"]
[WhiteElo "2217"]
[BlackElo "2044"]
[PlyCount "112"]
[EventDate "2007.10.20"]

1. d4 Nf6 2. c4 e6 3. Nc3 Bb4 4. e3 b6 5. Bd3 Bb7 6. Nf3 O-O 7. O-O d5 8. cxd5
exd5 9. a3 Bd6 10. b4 a6 11. Qb3 Nbd7 12. a4 Qb8 13. Rb1 a5 14. b5 Re8 15. Ba3
Nf8 16. Rbc1 Qd8 17. Rc2 Qe7 18. Bxd6 cxd6 19. Rfc1 g6 20. Bf1 Rac8 21. Ne2
Rxc2 22. Rxc2 Rc8 23. Rxc8 Bxc8 24. Qc3 Bb7 25. Ne1 Ne6 26. Nd3 Ne4 27. Qc1 Qc7
28. Qxc7 Nxc7 29. f3 Nd2 30. Nc3 Nxf1 31. Kxf1 Ne6 32. g4 f6 33. Kf2 Kf7 34.
Kg3 Ke7 35. h4 Kf7 36. Nf4 Nxf4 37. Kxf4 Ke6 38. g5 f5 39. Ne2 Ke7 40. h5 Ke6
41. Kg3 Ke7 42. Nf4 Kf7 43. h6 Ba8 44. Ne2 Ke6 45. Kf4 Bb7 46. Nc3 Ba8 47. Nb1
Bb7 48. Nd2 Ba8 49. Nf1 Bb7 50. Ng3 Kf7 51. Ne2 Ke6 52. Kg3 Ba8 53. Kf2 Bb7 54.
Ng3 Kf7 55. Ke2 Ba8 56. Kd3 Bb7 1/2-1/2

[Event "XIX Festival A"]
[Site "Arco ITA"]
[Date "2007.10.21"]
[Round "2"]
[White "Qendro, Llambi"]
[Black "Hackbarth, Wolfgang"]
[Result "1-0"]
[WhiteElo "2404"]
[BlackElo "2119"]
[PlyCount "87"]
[EventDate "2007.10.20"]

1. d4 Nf6 2. c4 g6 3. Nc3 Bg7 4. e4 d6 5. f3 O-O 6. Bg5 c5 7. d5 h6 8. Be3 e6
9. Qd2 exd5 10. cxd5 Nbd7 11. Nh3 Ne5 12. Nf2 Kh7 13. Be2 a6 14. a4 Bd7 15. O-O
Rb8 16. f4 Neg4 17. Nxg4 Nxg4 18. Bxg4 Bxg4 19. f5 gxf5 20. exf5 Be5 21. Bf4
Rg8 22. Bxe5 dxe5 23. Ne4 Bh3 24. Ng3 Bg4 25. Ra3 Qh4 26. Qe1 f6 27. Qf2 Bh5
28. Qxc5 Rbc8 29. Qf2 Bf7 30. d6 Bd5 31. Rc3 Rxc3 32. bxc3 Qxa4 33. Qd2 Bc6 34.
d7 Bxd7 35. Nh5 Rf8 36. Qd6 Rf7 37. Nxf6+ Kh8 38. Qxe5 Bb5 39. Qb8+ Kg7 40.
Nh5+ Kh7 41. Qg3 Qc4 42. Qg6+ Kh8 43. Qxh6+ Kg8 44. Rf3 1-0

[Event "XIX Festival A"]
[Site "Arco ITA"]
[Date "2007.10.21"]
[Round "2"]
[White "Rettore, Ludwig"]
[Black "Pierangeli, Andrea"]
[Result "1-0"]
[WhiteElo "2177"]
[BlackElo "2020"]
[PlyCount "61"]
[EventDate "2007.10.20"]

1. d4 d5 2. c4 e6 3. Nf3 Nf6 4. Nc3 Nbd7 5. e3 Bb4 6. a3 Bxc3+ 7. bxc3 O-O 8.
cxd5 exd5 9. Bd3 Re8 10. O-O Nf8 11. Rb1 c6 12. Ne5 Qc7 13. f3 N6d7 14. Ng4 Nb6
15. Nf2 f5 16. Qc2 Qf7 17. e4 g6 18. Bh6 Be6 19. Nh3 Qd7 20. Ng5 dxe4 21. fxe4
fxe4 22. Nxe4 Nd5 23. c4 Bf5 24. cxd5 Bxe4 25. Bxe4 cxd5 26. Bd3 a6 27. Qf2 Ne6
28. Rb6 Ng7 29. Rf6 Qe7 30. Rf7 Qe3 31. Bxe3 1-0

[Event "XIX Festival A"]
[Site "Arco ITA"]
[Date "2007.10.21"]
[Round "2"]
[White "Ricci, Alfredo"]
[Black "Nicholson, John G."]
[Result "0-1"]
[WhiteElo "2010"]
[BlackElo "2170"]
[PlyCount "85"]
[EventDate "2007.10.20"]

1. e4 d6 2. d4 g6 3. f4 Bg7 4. Nf3 c5 5. Nc3 cxd4 6. Nxd4 Nc6 7. Be3 Nf6 8. Qd2
O-O 9. Be2 Bd7 10. h3 Rc8 11. O-O a6 12. Nf3 b5 13. a3 Be6 14. Ng5 Bc4 15. Rfd1
Bxe2 16. Qxe2 Qc7 17. Nd5 Nxd5 18. exd5 Na5 19. c3 Qc4 20. Qf2 Nb3 21. Rab1 a5
22. h4 h6 23. Nh3 b4 24. h5 Qe4 25. cxb4 axb4 26. Qf3 Nd4 27. Kh2 Nf5 28. Nf2
Qxe3 29. Qxe3 Nxe3 30. Rd3 Nc4 31. axb4 Nxb2 32. Rb3 Nc4 33. Re1 Rc7 34. Nd3
Nb6 35. Re3 Nxd5 36. Rg3 gxh5 37. f5 h4 38. Rg4 Ne3 39. Rf4 Rc2 40. b5 Nxg2 41.
Re4 Nf4+ 42. Kh1 Nxd3 43. Rxd3 0-1

[Event "XIX Festival A"]
[Site "Arco ITA"]
[Date "2007.10.21"]
[Round "2"]
[White "Salvador, Roland"]
[Black "Moncelli, Giorgio"]
[Result "1-0"]
[WhiteElo "2456"]
[BlackElo "2129"]
[PlyCount "49"]
[EventDate "2007.10.20"]

1. d4 d5 2. Nf3 Nf6 3. c4 e6 4. Nc3 Be7 5. g3 O-O 6. Bg2 dxc4 7. O-O a6 8. Ne5
c5 9. d5 exd5 10. Nxd5 Nxd5 11. Bxd5 Nc6 12. Bxc6 bxc6 13. Qxd8 Bxd8 14. Be3
Bf6 15. Nxc4 Be6 16. Rac1 Rfd8 17. b3 Bd4 18. Bf4 Bxc4 19. Rxc4 Rd5 20. Rfc1 h6
21. e3 Bb2 22. R1c2 Ba3 23. Ra4 Bb4 24. a3 Bd2 25. e4 1-0

[Event "XIX Festival A"]
[Site "Arco ITA"]
[Date "2007.10.21"]
[Round "2"]
[White "Savarese, Vincenzo"]
[Black "Bossoni, Mario"]
[Result "1/2-1/2"]
[WhiteElo "1859"]
[BlackElo "1993"]
[PlyCount "20"]
[EventDate "2007.10.20"]

1. e4 c5 2. Nf3 e6 3. c3 d5 4. exd5 Qxd5 5. d4 cxd4 6. Qxd4 Qxd4 7. Nxd4 a6 8.
Be2 Nf6 9. O-O Be7 10. Bf4 O-O 1/2-1/2

[Event "XIX Festival A"]
[Site "Arco ITA"]
[Date "2007.10.21"]
[Round "2"]
[White "Serafimov, Tervel"]
[Black "Bernardi, Ruben"]
[Result "1-0"]
[WhiteElo "2379"]
[BlackElo "2107"]
[PlyCount "119"]
[EventDate "2007.10.20"]

1. c4 Nf6 2. Nc3 c6 3. e4 e5 4. d4 Bb4 5. f3 d6 6. a3 exd4 7. axb4 dxc3 8. bxc3
O-O 9. Ne2 Re8 10. Ng3 d5 11. Be2 dxe4 12. Qxd8 Rxd8 13. Bg5 exf3 14. gxf3 Nbd7
15. Rg1 Re8 16. Kf2 Kh8 17. Be3 Ne5 18. Rxa7 Rxa7 19. Bxa7 Ng6 20. Be3 b5 21.
cxb5 Nd5 22. Bd4 Ndf4 23. Bf1 cxb5 24. Bxb5 Nh3+ 25. Kf1 Rd8 26. Rg2 Bb7 27.
Re2 Ng5 28. Re8+ Rxe8 29. Bxe8 Nxf3 30. b5 Nxh2+ 31. Ke2 Ne7 32. Bxf7 Nf3 33.
Bc5 Ne5 34. Bb3 Nd5 35. Bd4 Nf4+ 36. Ke3 Nfg6 37. Nf5 h5 38. Nd6 Ng4+ 39. Kd2
Bg2 40. b6 N6e5 41. b7 Bxb7 42. Nxb7 Kh7 43. Nd6 Kg6 44. Bd5 Kg5 45. c4 Kf4 46.
c5 Nf6 47. Bg2 Nfg4 48. c6 Nxc6 49. Bxc6 g5 50. Nf7 h4 51. Ke2 h3 52. Bb7 h2
53. Bc6 Kg3 54. Nxg5 Kh4 55. Nf7 Kg3 56. Ne5 Nh6 57. Bf2+ Kh3 58. Kf1 h1=Q+ 59.
Bxh1 Kh2 60. Bg2 1-0

[Event "XIX Festival A"]
[Site "Arco ITA"]
[Date "2007.10.21"]
[Round "2"]
[White "Sigillo, Carmelo"]
[Black "Rigo, Marco"]
[Result "1-0"]
[WhiteElo "1595"]
[BlackElo "1882"]
[PlyCount "47"]
[EventDate "2007.10.20"]

1. e4 c5 2. Nf3 Nc6 3. d3 e6 4. g3 d5 5. Nbd2 g6 6. Bg2 Bg7 7. O-O Nf6 8. exd5
Nxd5 9. Re1 O-O 10. Ne4 b6 11. h4 Bb7 12. h5 Qc7 13. hxg6 hxg6 14. Rb1 Nd4 15.
Nfg5 Nf6 16. Nxf6+ Bxf6 17. Qg4 Bxg2 18. Kxg2 Qc6+ 19. f3 Kg7 20. Ne4 Nxc2 21.
Bh6+ Kxh6 22. Qf4+ Bg5 23. Qxg5+ Kg7 24. Qf6+ 1-0

[Event "XIX Festival A"]
[Site "Arco ITA"]
[Date "2007.10.21"]
[Round "2"]
[White "Stolfa, Rodolfo"]
[Black "Acunzo, Domenico"]
[Result "1-0"]
[WhiteElo "1926"]
[BlackElo "1775"]
[PlyCount "81"]
[EventDate "2007.10.20"]

1. d4 e6 2. c4 f5 3. Nf3 Nf6 4. e3 d5 5. Nc3 c6 6. cxd5 exd5 7. Bd3 Bd6 8. Qc2
Ne4 9. a3 a5 10. a4 Na6 11. Bxa6 Rxa6 12. O-O O-O 13. Ne1 Rf6 14. f4 Rh6 15.
Nf3 Qc7 16. Nxe4 fxe4 17. Ne5 Qe7 18. Qf2 c5 19. Bd2 cxd4 20. exd4 Bb8 21. Rfc1
Qe8 22. Rc3 Bxe5 23. fxe5 Rhc6 24. Rxc6 bxc6 25. Rc1 Bd7 26. Rc5 Qd8 27. Qe3
Qb6 28. Qc3 Ra8 29. h3 h6 30. Kh2 Rb8 31. Qg3 Kh7 32. Bc3 Ra8 33. Qf4 Kg8 34.
Qh4 Kf7 35. Qh5+ Kg8 36. Qg6 Ra7 37. Rxd5 Qb3 38. Rxd7 Rxd7 39. Qe8+ Kh7 40.
Qxd7 Qxa4 41. Qf5+ 1-0

[Event "XIX Festival A"]
[Site "Arco ITA"]
[Date "2007.10.21"]
[Round "2"]
[White "Tocco, Paolo"]
[Black "Henrichsen, Jens"]
[Result "1-0"]
[WhiteElo "2159"]
[BlackElo "1982"]
[PlyCount "21"]
[EventDate "2007.10.20"]

1. d4 Nf6 2. Nc3 d5 3. e4 e6 4. e5 Nfd7 5. Nf3 f6 6. Bd3 c5 7. Ng5 fxg5 8. Qh5+
g6 9. Bxg6+ hxg6 10. Qxg6+ Ke7 11. Bxg5+ 1-0

[Event "XIX Festival A"]
[Site "Arco ITA"]
[Date "2007.10.21"]
[Round "2"]
[White "Tomassoni, Leonardo"]
[Black "Minniti, Giuseppe"]
[Result "1/2-1/2"]
[WhiteElo "1975"]
[BlackElo "1827"]
[PlyCount "153"]
[EventDate "2007.10.20"]

1. e4 d5 2. exd5 Nf6 3. c4 e6 4. dxe6 Bxe6 5. d4 Bb4+ 6. Bd2 Qe7 7. Bxb4 Qxb4+
8. Qd2 Nc6 9. d5 O-O-O 10. a3 Qb6 11. Nf3 Bf5 12. Nc3 Ng4 13. Nd1 Rhe8+ 14. Be2
Na5 15. Qf4 Bd3 16. O-O Nxf2 17. Bxd3 Nxd3+ 18. Qd4 Qxd4+ 19. Nxd4 Nxc4 20. Nc3
Ncxb2 21. Rxf7 Rd7 22. Rf3 Nc5 23. Rc1 Nbd3 24. Rd1 Ne5 25. Rh3 g6 26. Re3 Rde7
27. h3 Nc4 28. Rf3 Re3 29. Rdf1 Rxf3 30. Rxf3 Re7 31. a4 a6 32. Na2 Re3 33.
Rf8+ Kd7 34. Rf7+ Re7 35. Rf3 Nxa4 36. Nb4 Nab6 37. Rf8 Nd6 38. Ne6 Re8 39.
Nc5+ Ke7 40. Rf3 a5 41. Nbd3 Nxd5 42. Ne5 Rf8 43. Rd3 Nb4 44. Re3 Rf5 45. Nc6+
Kf8 46. Nd7+ Kg7 47. Nd8 Nd5 48. Ne6+ Kh6 49. Ra3 b6 50. g4 Nc4 51. Ra4 b5 52.
Ra2 Rf3 53. g5+ Kh5 54. Kg2 Rb3 55. Nf6+ Kh4 56. Nxd5 Rg3+ 57. Kf2 Rxh3 58.
Ndf4 Rh2+ 59. Ng2+ Kg4 60. Re2 Nd6 61. Re5 Nc4 62. Rxb5 Rh1 63. Rc5 Nd6 64.
Ne3+ Kh3 65. Nf4+ Kh4 66. Kf3 Ra1 67. Rxc7 Kxg5 68. Rxh7 Nf5 69. Nfd5 Nxe3 70.
Kxe3 a4 71. Kd2 a3 72. Nc3 Rg1 73. Re7 Rg2+ 74. Ke3 Rg3+ 75. Kd2 Rg2+ 76. Ke3
Rg3+ 77. Kd2 1/2-1/2

[Event "XIX Festival A"]
[Site "Arco ITA"]
[Date "2007.10.21"]
[Round "2"]
[White "Vink, Wim"]
[Black "Vezzosi, Paolo"]
[Result "0-1"]
[WhiteElo "2084"]
[BlackElo "2323"]
[PlyCount "78"]
[EventDate "2007.10.20"]

1. Nf3 Nf6 2. d4 b6 3. g3 Bb7 4. Bg2 c5 5. O-O g6 6. c4 cxd4 7. Nxd4 Bxg2 8.
Kxg2 Bg7 9. Nc3 O-O 10. b3 d5 11. cxd5 Nxd5 12. Bb2 Nxc3 13. Bxc3 Qd5+ 14. Kg1
Nc6 15. e3 Rfd8 16. Qe2 Nb4 17. Nb5 Bxc3 18. Nxc3 Qc6 19. Rac1 Nd3 20. Rc2 Rd6
21. Na4 Qb7 22. Nb2 Nxb2 23. Rxb2 Rad8 24. f3 Rd3 25. Rc2 Qd5 26. e4 Qd4+ 27.
Kg2 e6 28. g4 Qe5 29. Qf2 h5 30. gxh5 Qxh5 31. Qg3 Qh6 32. h4 Qe3 33. Rcf2 Rc8
34. Qe5 a5 35. Qb2 Qf4 36. Re1 Rcd8 37. Rc1 Rxf3 38. Rxf3 Rd2+ 39. Kg1 Qg4+ 0-1

[Event "XIX Festival A"]
[Site "Arco ITA"]
[Date "2007.10.21"]
[Round "2"]
[White "Viviani, Mario"]
[Black "Coqueraut, Lodewyk"]
[Result "1/2-1/2"]
[WhiteElo "1800"]
[BlackElo "1926"]
[PlyCount "115"]
[EventDate "2007.10.20"]

1. c4 Nf6 2. Nc3 g6 3. Nf3 Bg7 4. g3 O-O 5. Bg2 d5 6. cxd5 Nxd5 7. d4 Nxc3 8.
bxc3 c5 9. O-O Qc7 10. Bf4 Qa5 11. Qc1 Nc6 12. Bh6 Bg4 13. Bxg7 Kxg7 14. d5
Bxf3 15. Bxf3 Ne5 16. Bg2 Rab8 17. Rd1 Qa6 18. Qf4 Qd6 19. Rab1 b5 20. a4 a6
21. axb5 axb5 22. Rb3 Rb6 23. Rdb1 Ra8 24. Qc1 Rab8 25. Qb2 Nc4 26. Qc2 Qe5 27.
e4 g5 28. Bf1 Nd6 29. f3 h5 30. Qf2 c4 31. Ra3 b4 32. cxb4 Rxb4 33. Rxb4 Rxb4
34. Qc2 Qd4+ 35. Kh1 Rb2 36. Qc3 Qxc3 37. Rxc3 Rb3 38. Rc1 c3 39. Kg1 g4 40.
Bd3 gxf3 41. Kf2 Kf6 42. Kxf3 Ke5 43. Ke3 f6 44. Rb1 Rb2 45. Rc1 Rb3 46. h3 Ra3
47. Rc2 f5 48. exf5 Nxf5+ 49. Bxf5 Kxf5 50. Kd3 Ke5 51. Rxc3 Rxc3+ 52. Kxc3
Kxd5 53. Kd3 Ke5 54. Ke3 Kf5 55. Kf3 Ke5 56. Ke3 e6 57. Kd3 Kf5 58. Ke3 1/2-1/2

[Event "XIX Festival A"]
[Site "Arco ITA"]
[Date "2007.10.21"]
[Round "2"]
[White "Zenatto, Giuliano"]
[Black "Weiland, Guenter"]
[Result "0-1"]
[WhiteElo "1853"]
[BlackElo "1982"]
[PlyCount "112"]
[EventDate "2007.10.20"]

1. d4 g6 2. c4 Bg7 3. Nc3 c5 4. e3 Nf6 5. Nf3 O-O 6. Be2 Na6 7. O-O d6 8. a3
Rb8 9. Re1 Bd7 10. Qc2 b6 11. d5 Nc7 12. b3 a6 13. Bb2 b5 14. e4 bxc4 15. bxc4
Rxb2 16. Qxb2 Nxe4 17. Rec1 Nxc3 18. Rxc3 Qb8 19. Qd2 Qb6 20. Rac1 Bxc3 21.
Qxc3 Rb8 22. h4 Qb2 23. Bf1 Qxc3 24. Rxc3 Ne8 25. g3 Rb1 26. Kg2 Nf6 27. Bd3
Rb2 28. Ne1 Ng4 29. Bc2 Bf5 30. Kf3 h5 31. Rb3 Ne5+ 32. Kf4 Rxb3 33. Bxb3 Kg7
34. Ke3 Kf6 35. f3 e6 36. f4 Ng4+ 37. Kf3 Nh6 38. Ng2 Bg4+ 39. Kf2 Nf5 40. Ne3
Nxe3 41. Kxe3 Bf5 42. a4 a5 43. Ba2 Bc2 44. Kd2 Bxa4 45. Bb1 exd5 46. cxd5 Bb5
47. Kc3 a4 48. Kb2 Bc4 49. Be4 Ke7 50. Ka3 Bb5 51. Bc2 Bc4 52. Be4 Bb3 53. Kb2
c4 54. Bb1 f5 55. Bc2 Bxc2 56. Kxc2 a3 0-1

[Event "XIX Festival A"]
[Site "Arco ITA"]
[Date "2007.10.21"]
[Round "2"]
[White "Zordan, Diego"]
[Black "Rossi, Paolo"]
[Result "1-0"]
[WhiteElo "1607"]
[BlackElo "1884"]
[PlyCount "45"]
[EventDate "2007.10.20"]

1. d4 g6 2. c4 Bg7 3. e4 d6 4. f4 Nd7 5. Nc3 e6 6. Nf3 Ne7 7. Be3 a6 8. Bd3 b6
9. O-O Bb7 10. Rc1 Nf6 11. h3 O-O 12. a4 c5 13. d5 exd5 14. cxd5 Bc8 15. Nd2
Re8 16. Nc4 b5 17. axb5 axb5 18. Nxb5 Ba6 19. Nbxd6 Nfxd5 20. Bxc5 Qc7 21. b4
Nxb4 22. Bxb4 Bxc4 23. Rxc4 1-0

[Event "XIX Festival A"]
[Site "Arco ITA"]
[Date "2007.10.21"]
[Round "2"]
[White "Zucchelli, Massimo"]
[Black "Wohl, Aleksandar H."]
[Result "0-1"]
[WhiteElo "2118"]
[BlackElo "2415"]
[PlyCount "90"]
[EventDate "2007.10.20"]

1. d4 Nf6 2. c4 e6 3. Nf3 c5 4. d5 exd5 5. cxd5 Bd6 6. Nc3 Bc7 7. e4 d6 8. Be2
O-O 9. Nd2 Ba5 10. O-O a6 11. f3 b5 12. Qc2 Nbd7 13. b3 Nh5 14. g3 Qf6 15. Bb2
Qg6 16. f4 Nxg3 17. hxg3 Qxg3+ 18. Kh1 Qh3+ 19. Kg1 c4 20. Nd1 Bb6+ 21. Rf2
Qg3+ 22. Kf1 Bxf2 23. Nxf2 Qxf4 24. Nf3 f5 25. Kg2 fxe4 26. Qxe4 cxb3 27. axb3
Qxe4 28. Nxe4 Bb7 29. Nxd6 Bxd5 30. b4 Rf4 31. Rd1 Bc6 32. Rc1 Bd5 33. Rd1 Nb6
34. Bd4 Rd8 35. Bxb6 Rxd6 36. Bc7 Bxf3+ 37. Bxf3 Rxd1 38. Bxf4 Rd4 39. Kg3 Rxb4
40. Bd5+ Kh8 41. Kg4 a5 42. Kf5 a4 43. Be5 Rb1 44. Bd6 b4 45. Ke6 b3 0-1

[Event "XIX Festival A"]
[Site "Arco ITA"]
[Date "2007.10.22"]
[Round "3"]
[White "Aagaard, Jacob"]
[Black "Tocco, Paolo"]
[Result "1-0"]
[WhiteElo "2535"]
[BlackElo "2159"]
[PlyCount "157"]
[EventDate "2007.10.20"]

1. e4 e5 2. Nf3 Nc6 3. Bb5 Nge7 4. Nc3 g6 5. d4 exd4 6. Nd5 Nxd5 7. exd5 Qe7+
8. Be2 Nb4 9. O-O Bg7 10. a3 d3 11. Bxd3 Nxd3 12. Bg5 f6 13. Qxd3 O-O 14. d6
Qxd6 15. Qxd6 cxd6 16. Bf4 Re8 17. Rfe1 Kf7 18. Rxe8 Kxe8 19. Re1+ Kf7 20. Nd4
a6 21. Bxd6 Bf8 22. Bxf8 Kxf8 23. Re3 b6 24. f3 Rb8 25. Kf2 Bb7 26. g4 Rc8 27.
Rb3 b5 28. Rd3 Bd5 29. c3 Bc4 30. Rd2 Kf7 31. Nc2 Ke7 32. Ne3 Be6 33. Kg3 Rc5
34. h4 h6 35. f4 Ke8 36. Rf2 f5 37. h5 gxh5 38. gxh5 Kf7 39. Kf3 Rc8 40. Rd2
Kf6 41. Nd5+ Bxd5+ 42. Rxd5 Ke6 43. Re5+ Kf6 44. Rd5 Ke6 45. Rd2 Rg8 46. Re2+
Kf6 47. Re1 Kf7 48. Re5 Kf6 49. Rc5 Ke6 50. Re5+ Kf6 51. Rc5 Ke6 52. a4 Rb8 53.
Re5+ Kf6 54. axb5 axb5 55. Re1 Rg8 56. Ra1 Rc8 57. Rg1 Kf7 58. Rd1 Ke6 59. Rd4
Rc4 60. Ke3 Rc8 61. Rd1 Rg8 62. Re1 Rg4 63. Kf3+ Kf6 64. Re5 Rh4 65. Rxb5 Rxh5
66. Rb6+ Ke7 67. Ke3 d6 68. Kd4 Ke6 69. c4 Rh1 70. c5 Rd1+ 71. Ke3 Rd5 72.
Rxd6+ Rxd6 73. cxd6 Kxd6 74. Kf3 Kd5 75. Kg3 Kd4 76. b3 Kd3 77. Kh4 Ke4 78. Kg3
Kd3 79. b4 1-0